Marketing na trhu vysokoškolského vzdelávania Slovenskej republiky

Súčasný stav na trhu vysokoškolského vzdelávania. Masifikácia vysokoškolského vzdelávania. Orientácia vysokoškolského vzdelávania na potreby hospodárskej praxe. Marketing ako súčasť konkurencieschopnosti vysokoškolského vzdelávania. Potreba analýzy externého a interného prostredia. Špecifický market...

Ausführliche Beschreibung

Gespeichert in:
Bibliographische Detailangaben
1. Verfasser: Jurková, Jana
Format: Buchkapitel
Sprache:Slowakisch
Schlagworte:
Tags: Tag hinzufügen
Keine Tags, Fügen Sie das erste Tag hinzu!

MARC

LEADER 00000nla$a2200000$$$4500
001 0059189
005 20240502083141.4
041 0 |a slo 
044 |a CZ 
245 1 0 |a Marketing na trhu vysokoškolského vzdelávania Slovenskej republiky  |c Jana Jurková 
520 |a Súčasný stav na trhu vysokoškolského vzdelávania. Masifikácia vysokoškolského vzdelávania. Orientácia vysokoškolského vzdelávania na potreby hospodárskej praxe. Marketing ako súčasť konkurencieschopnosti vysokoškolského vzdelávania. Potreba analýzy externého a interného prostredia. Špecifický marketingový mix na trhu vysokoškolského vzdelávania. 
610 2 0 |a vzdelávanie vysokoškolské 
610 2 0 |a trh 
610 2 0 |a konkurencieschopnosť 
610 2 0 |a študenti 
610 2 0 |a marketing 
610 2 0 |a nástroje marketingové 
610 2 0 |a legislatíva 
610 2 0 |a financovanie 
100 1 |a Jurková, Jana